Comparisons of natural and butadiene-styrene rubbers (Record no. 56039)

MARC details
000 -LEADER
fixed length control field 00426nam a2200145Ia 4500
100 ## - MAIN ENTRY--AUTHOR NAME
Personal name Dinsmore R P
245 #0 - TITLE STATEMENT
Title Comparisons of natural and butadiene-styrene rubbers
260 ## - PUBLICATION, DISTRIBUTION, ETC. (IMPRINT)
Name of publisher Proceedings of the 2nd Rubber Technology Conference, London, 1948; p4-16
650 ## - SUBJECT ADDED ENTRY--TOPICAL TERM
Topical Term Ageing
650 ## - SUBJECT ADDED ENTRY--TOPICAL TERM
Topical Term Butadiene-styrene rubber
650 ## - SUBJECT ADDED ENTRY--TOPICAL TERM
Topical Term NR
700 ## - ADDED ENTRY--PERSONAL NAME
Personal name Fielding J H
942 ## - ADDED ENTRY ELEMENTS (KOHA)
Koha item type Journals
Holdings
Withdrawn status Lost status Damaged status Not for loan Home library Current library Shelving location Date acquired Koha item type
      Journals RRII Library RRII Library Rubber chemistry 17/12/2021 Journals